Pháp luật về giải phóng mặt bằng khi nhà nước thu hồi đất từ thực tiễn áp dụng tại thành phố Cần Thơ : Luận văn thạc sĩ. Chuyên ngành Luật kinh tế

Tình hiểu pháp luật về giải phóng mặt bằng khi nhà nước thu hồi đất từ thực tiễn áp dụng tại thành phố Cần Thơ và đề xuất giải pháp

Сохранить в:
Библиографические подробности
Главный автор: Nguyễn, Hữu Lạc
Формат:
Язык:Undetermined
Опубликовано: Cần Thơ Trường Đại học Cần Thơ 2016
Предметы:
Метки: Добавить метку
Нет меток, Требуется 1-ая метка записи!
Thư viện lưu trữ: Trung tâm Học liệu Trường Đại học Cần Thơ
LEADER 01082nam a2200217Ia 4500
001 CTU_211026
008 210402s9999 xx 000 0 und d
082 |a 333.73 
082 |b L101 
088 |a 60380107 
100 |a Nguyễn, Hữu Lạc 
245 0 |a Pháp luật về giải phóng mặt bằng khi nhà nước thu hồi đất từ thực tiễn áp dụng tại thành phố Cần Thơ : 
245 0 |b Luận văn thạc sĩ. Chuyên ngành Luật kinh tế 
245 0 |c Nguyễn Hữu Lạc ; Phan Trung Hiền (Cán bộ hướng dẫn) 
260 |a Cần Thơ 
260 |b Trường Đại học Cần Thơ 
260 |c 2016 
520 |a Tình hiểu pháp luật về giải phóng mặt bằng khi nhà nước thu hồi đất từ thực tiễn áp dụng tại thành phố Cần Thơ và đề xuất giải pháp 
650 |a Sử dụng đất,Land use 
904 |i Nguyên 
980 |a Trung tâm Học liệu Trường Đại học Cần Thơ